[Event "Serpiano op"]
[Site "Serpiano"]
[Date "2024.04.06"]
[Round "2"]
[White "Pisciotta, Lucas L"]
[Black "Papa, Angelo"]
[Result "1/2-1/2"]
[WhiteElo "1522"]
[BlackElo "1785"]
[PlyCount "40"]
[EventDate "2024.04.05"]
[EventType "swiss"]
[EventRounds "5"]
[EventCountry "SUI"]
[SourceTitle "CB16_2024"]
[SourceDate "2024.04.17"]
[SourceVersion "1"]
[SourceVersionDate "2024.04.17"]
[SourceQuality "1"]

1. d4 d6 2. e4 Nf6 3. Bd3 Nbd7 4. c4 e5 5. d5 Nc5 6. Nc3 a5 7. a4 Be7 8. Bc2 0-0 9. Nf3 Bg4 10. h3 Bh5 11. 0-0 Bg6 12. Re1 Qd7 13. Bg5 h6 14. Bh4 Nh5 15. Bxe7 Qxe7 16. g3 Nf6 17. Qd2 Qd7 18. Kg2 Nh7 19. Nh4 Ng5 20. Nf5 Bxf5 1/2-1/2

[Event "Lugano op"]
[Site "Lugano"]
[Date "2023.12.09"]
[Round "2"]
[White "Pisciotta, Lucas L"]
[Black "Sosa Nesper, Marcos Ivan"]
[Result "0-1"]
[WhiteElo "1185"]
[BlackElo "1500"]
[PlyCount "52"]
[EventDate "2023.12.09"]
[EventType "swiss"]
[EventRounds "5"]
[EventCountry "SUI"]
[SourceTitle "CB51_2023"]
[SourceDate "2023.12.20"]
[SourceVersion "1"]
[SourceVersionDate "2023.12.20"]
[SourceQuality "1"]

1. d4 Nf6 2. Nf3 g6 3. g3 Bg7 4. Bg2 d6 5. 0-0 0-0 6. e3 Bg4 7. Nbd2 Nbd7 8. c3 e5 9. dxe5 dxe5 10. e4 Nc5 11. Qc2 Nd3 12. Nb3 Nxc1 13. Raxc1 Qe7 14. Rcd1 Rad8 15. Rfe1 b6 16. Rd3 Nd7 17. Red1 f5 18. Nbd2 Nc5 19. Rxd8 Rxd8 20. Re1 fxe4 21. Nxe4 Rf8 22. Nfd2 Qf7 23. Nxc5 Qxf2+ 24. Kh1 Qxe1+ 25. Nf1 Rxf1+ 26. Bxf1 Qxf1# 0-1